Normal view MARC view

Entry Topical Term

Number of records used in: 1

001 - CONTROL NUMBER

  • control field: 27366

003 - CONTROL NUMBER IDENTIFIER

  • control field: OSt

005 - DATE AND TIME OF LATEST TRANSACTION

  • control field: 20210915154117.0

008 - FIXED-LENGTH DATA ELEMENTS

  • fixed length control field: 210915|| aca||aabn | a|a d

040 ## - CATALOGING SOURCE

  • Original cataloging agency: OSt
  • Transcribing agency: OSt

150 ## - HEADING--TOPICAL TERM

  • Topical term or geographic name entry element: Economic development: Agriculture; Natural resources; Energy; Environment; Prices

670 ## - SOURCE DATA FOUND

  • Source citation: Work cat.: (OSt)517625: Bergquist, Lauren Falcao and Dinerstein, Michael 27365, Competition and entry in agricultural markets: Experimental evidence from Kenya

Powered by Koha